000 00449cab a2200157 4500
001 ABS67415
008 040203n2004 000 0 eng u
035 _a(Sirsi) u124986
245 0 0 _aFocus
_bWest London boroughs
260 _c2004
490 0 _aEstates Gazette
_v(0404) 24 January 2004, 63-79(12)
590 _aABS
650 2 4 _aLONDON CONGESTION CHARGE ZONE
690 _aPROPERTY-COMMERCIAL PROPERTY-COMMERCIAL PROPERTY MARKET
942 _n0
999 _c74096
_d74096